000 00346nam a22001337a 4500
999 _c533709
_d533709
003 NUST
038 _afizza ishaq
082 _a526.36
_bKAN
100 _aKanetkar, T.P.
_926073
245 _aSurveying and leveling /
_cT.P. Kanetkar,
260 _aPune, India. :
_bPune Vidyarthi Griha Prakashan,
_c2010.
300 _a636 p.
942 _2ddc
_cBK